Engineering the Revolution : arms and Enlightenment in France, 1763-1815 /

Bibliographic Details
Main Author: Alder, Ken
Format: Book
Language:English
Published: Princeton, N.J. : Princeton University Press, [1997]
Subjects:

MARC

Tag First Indicator Second Indicator Subfields
LEADER 00000cam a2200000 a 4500
001 in00001345331
005 20151006051936.0
008 960617s1997 njuab b 001 0 eng
010 |a  96025139  
020 |a 0691026718  |z 0069126718 (cl : alk. paper) 
035 |a (OCoLC)34984153 
035 |9 AHF7221AM 
040 |a DLC  |c DLC  |d C#P  |d TXA  |d UtOrBLW 
043 |a e-fr--- 
049 |a TXAM 
050 0 0 |a DC151  |b .A58 1997 
082 0 0 |a 944.04  |2 20 
100 1 |a Alder, Ken. 
245 1 0 |a Engineering the Revolution :  |b arms and Enlightenment in France, 1763-1815 /  |c Ken Alder. 
264 1 |a Princeton, N.J. :  |b Princeton University Press,  |c [1997] 
264 4 |c ©1997 
300 |a xvi, 476 pages :  |b illustrations, map ;  |c 25 cm. 
336 |a text  |b txt  |2 rdacontent 
337 |a unmediated  |b n  |2 rdamedia 
338 |a volume  |b nc  |2 rdacarrier 
504 |a Includes bibliographical references (pages [421]-455) and index. 
651 0 |a France  |x History  |y Revolution, 1789-1799  |x Influence. 
651 0 |a France  |x Politics and government  |y 1789-1815. 
650 0 |a Artillery  |x Technological innovations  |z France  |x History  |y 18th century. 
650 0 |a Military engineers  |z France  |x Political activity  |x History  |y 18th century. 
650 0 |a Enlightenment  |z France  |x Influence. 
650 0 |a Technology and civilization  |z France  |x Political aspects. 
651 0 |a France  |x History, Military  |y 1789-1815. 
999 |a MARS 
999 f f |s a2d45656-6a51-3510-a013-324575c02c00  |i 92ce710a-42fc-3878-b6c4-499d540ff359  |t 0 
952 f f |p ric  |a Texas A&M University  |b Rellis Campus  |c Joint Library Facility  |d Remote Storage  |t 0  |e DC151 .A58 1997  |h Library of Congress classification  |i unmediated -- volume  |m A14820788578 
998 f f |a DC151 .A58 1997  |t 0  |l Remote Storage